| 000 | 00522nam a22001937a 4500 | ||
|---|---|---|---|
| 005 | 20251108164122.0 | ||
| 008 | 250721s1988 xx 000 0 ara d | ||
| 082 | 1 | 4 | _a218,32/عوا |
| 100 | 1 | _aالعوايشه، حسين | |
| 245 | 1 | 0 | _aكتاب الدعاء / |
| 250 | _aط4. | ||
| 264 | 1 |
_aعمان : _bالمكتبة الإسلامية، _c1988. |
|
| 300 | _a55ص. | ||
| 650 | 1 | 7 | _aالإسلام |
| 650 | 1 | 7 | _aالشعائر |
| 650 | 1 | 7 | _aالأدعية الإسلامية |
| 942 |
_2ddc _cBK |
||
| 999 |
_c4113 _d4113 |
||